Belgium : 2021 Article IV Consultation -Press Release; Staff Report; and Statement by the Executive Director for Belgium.

Belgium was hit hard early by Covid-19, but a timely, strong, and sustained health and economic policy response helped cushion impacts. A coalition government took office in October 2020, giving greater policy clarity and rightly prioritizing the Covid-19 crisis. A highly-effective vaccine rollout h...

Ausführliche Beschreibung

Bibliographische Detailangaben
Körperschaft: International Monetary Fund. European Dept
Format: Zeitschrift
Sprache:English
Veröffentlicht: Washington, D.C. : International Monetary Fund, 2021.
Schriftenreihe:IMF Staff Country Reports; Country Report ; No. 2021/209
Schlagworte:
Online Zugang:Full text available on IMF
LEADER 01657cas a2200301 a 4500
001 AALejournalIMF021960
008 230101c9999 xx r poo 0 0eng d
020 |c 5.00 USD 
020 |z 9781513597881 
022 |a 1934-7685 
040 |a BD-DhAAL  |c BD-DhAAL 
110 2 |a International Monetary Fund.  |b European Dept. 
245 1 0 |a Belgium :   |b 2021 Article IV Consultation -Press Release; Staff Report; and Statement by the Executive Director for Belgium. 
264 1 |a Washington, D.C. :  |b International Monetary Fund,  |c 2021. 
300 |a 1 online resource (67 pages) 
490 1 |a IMF Staff Country Reports 
500 |a <strong>Off-Campus Access:</strong> No User ID or Password Required 
500 |a <strong>On-Campus Access:</strong> No User ID or Password Required 
506 |a Electronic access restricted to authorized BRAC University faculty, staff and students 
520 3 |a Belgium was hit hard early by Covid-19, but a timely, strong, and sustained health and economic policy response helped cushion impacts. A coalition government took office in October 2020, giving greater policy clarity and rightly prioritizing the Covid-19 crisis. A highly-effective vaccine rollout has facilitated reopening and recovery. 
538 |a Mode of access: Internet 
650 7 |a International Agreements  |2 imf 
650 7 |a International Organizations  |2 imf 
650 7 |a Monetary Policy  |2 imf 
650 7 |a Observance  |2 imf 
651 7 |a Belgium  |2 imf 
830 0 |a IMF Staff Country Reports; Country Report ;  |v No. 2021/209 
856 4 0 |z Full text available on IMF  |u http://elibrary.imf.org/view/journals/002/2021/209/002.2021.issue-209-en.xml  |z IMF e-Library